[Event "Celito X Volkmann"]
[Site "http://www.queenalice.com/game.php?id=1086466"]
[Date "2012.7.24"]
[Round "-"]
[White "cevil"]
[Black "GuilhermeCXI"]
[Result "1-0"]
[WhiteElo "1989"]
[BlackElo "1745"]

1. e4 c5 2. Nf3 Nc6 3. d4 cxd4 4. Nxd4 Nf6 5. Nc3 e6 6. Bg5 Bb4 7. Ne2 h6 8.
Bxf6 Qxf6 9. Qd3 O-O 10. a3 Bxc3+ 11. Nxc3 Ne5 12. Qg3 b6 13. O-O-O Bb7 14. f4
Ng6 15. Rxd7 Bc6 16. Rd2 Qxf4 17. Qxf4 Nxf4 18. g3 Ng6 19. Bd3 Rad8 20. Rhd1 Ne5
21. Be2 Rxd2 22. Rxd2 Rc8 23. Nb5 Bxe4 24. Nd6 Rd8 25. Nxe4 Rxd2 26. Kxd2 Kf8
27. Nd6 Nc6 28. Nc8 Ke8 29. Bb5 Kd7 30. Nxa7 1-0

[Event "Challenge"]
[Site "http://www.queenalice.com/game.php?id=1090654"]
[Date "2012.8.6"]
[Round "-"]
[White "cevil"]
[Black "MacumbaH"]
[Result "1-0"]
[WhiteElo "1968"]
[BlackElo "1884"]

1. d4 d5 2. c4 c6 3. Nc3 Nf6 4. Bg5 e6 5. e4 dxe4 6. Nxe4 Be7 7. Bd3 Nxe4 8.
Bxe7 Qxe7 9. Bxe4 Qb4+ 10. Qd2 Qxc4 11. Nf3 O-O 12. b3 Qb5 13. Bd3 Qd5 14. O-O
b6 15. Ne5 f6 16. Nf3 Ba6 17. Rfe1 Bxd3 18. Qxd3 c5 19. Qe2 Re8 20. dxc5 bxc5
21. Rad1 Qc6 22. Qc4 Kf7 23. Rd3 Nd7 24. Red1 Nb6 25. Qf4 Nd5 26. Qe4 g6 27. Rc1
Rac8 28. Qh4 Kg7 29. Rd2 Qb6 30. g4 Nf4 31. Rd7+ 1-0

[Event "Challenge"]
[Site "http://www.queenalice.com/game.php?id=1090656"]
[Date "2012.8.6"]
[Round "-"]
[White "MacumbaH"]
[Black "cevil"]
[Result "1-0"]
[WhiteElo "1862"]
[BlackElo "2009"]

1. e4 e5 2. Nf3 Nc6 3. Bb5 d6 4. O-O Ne7 5. h3 Be6 6. c3 g6 7. d4 exd4 8. cxd4
Bd7 9. Bg5 Bg7 10. Nc3 f6 11. Bf4 O-O 12. Re1 a6 13. Bc4+ Kh8 14. a3 Na7 15. e5
fxe5 16. Bg5 h6 17. Bxe7 Qxe7 18. dxe5 Bxe5 19. Nd5 Qd8 20. Nxe5 dxe5 21. Rxe5
Bc6 22. Qd4 Bxd5 23. Re7+ Kg8 24. Qg7# 1-0

[Event "AUTO-ADV-2500"]
[Site "http://www.queenalice.com/game.php?id=1091795"]
[Date "2012.8.9"]
[Round "2"]
[White "jadoube1962"]
[Black "cevil"]
[Result "0-1"]
[WhiteElo "2102"]
[BlackElo "1983"]

1. d4 d5 2. c4 Nf6 3. cxd5 Nxd5 4. Nf3 Bf5 5. Qb3 Nb6 6. Ng5 e6 7. Nf3 Bd6 8. e3
N8d7 9. Be2 O-O 10. O-O e5 11. dxe5 Nxe5 12. Rd1 Qe7 13. Nc3 Be6 14. Qc2 Rad8
15. b3 Rd7 16. Bb2 Rfd8 17. Rac1 c6 18. Nd4 Ng6 19. Bd3 Bc7 20. Ne4 Bd5 21. Nc5
Qh4 22. g3 Qh5 23. Nxd7 Nxd7 24. Nf5 Bf3 25. Re1 Qh3 26. Bf1 Qg4 27. Qc3 Be5 28.
Qc2 Be4 29. f3 Qxf3 30. Bg2 Bxc2 31. Bxf3 Bxf5 32. Ba3 Bf6 33. Rcd1 Nde5 34.
Rxd8+ Bxd8 35. Bg2 Bb6 36. Kf1 h6 37. e4 Bg4 0-1

[Event "AUTO-ADV-2500"]
[Site "http://www.queenalice.com/game.php?id=1091796"]
[Date "2012.8.9"]
[Round "2"]
[White "cevil"]
[Black "jadoube1962"]
[Result "0-1"]
[WhiteElo "1995"]
[BlackElo "2091"]

1. d4 Nf6 2. c4 g6 3. Nf3 Bg7 4. Nc3 d6 5. e4 O-O 6. Bd3 e5 7. d5 Bg4 8. Bg5
Nbd7 9. h3 Bxf3 10. gxf3 a6 11. Qd2 Qe8 12. f4 exf4 13. Bxf4 Nc5 14. Be3 Ncxe4
15. Nxe4 Nxe4 16. Qc2 Nf6 17. O-O-O b5 18. Rhe1 Qd7 19. cxb5 axb5 20. Qb3 Rfb8
21. Re2 c5 22. dxc6 Qxc6+ 23. Rc2 Qd7 24. Kb1 Qxh3 25. Rc7 Rf8 26. Bxb5 d5 27.
Bc6 Rab8 28. Rb7 Qf5+ 29. Ka1 Rxb7 30. Qxb7 h5 31. a4 Ng4 32. Bd7 Qf3 33. Bxg4
Qxg4 34. Qxd5 Qxa4+ 35. Kb1 Rb8 36. Bd4 Qxd1+ 0-1

[Event "AUTO-ADV-2500"]
[Site "http://www.queenalice.com/game.php?id=1091801"]
[Date "2012.8.9"]
[Round "2"]
[White "cevil"]
[Black "Constante"]
[Result "0-1"]
[WhiteElo "2001"]
[BlackElo "2114"]

1. d4 Nf6 2. c4 e6 3. Nc3 Bb4 4. Bg5 c5 5. e3 Qa5 6. Qb3 Ne4 7. Bh4 Nxc3 8. a3
Ne4+ 9. Ke2 Nc6 10. Rd1 cxd4 11. axb4 Qh5+ 12. Nf3 dxe3 13. Qxe3 Nf6 14. Bxf6
gxf6 15. Qc3 Rg8 16. Ke1 Qg4 17. Be2 Qe4 18. b5 Ne7 19. Qxf6 Rxg2 20. Ng5 Rxg5
21. Qxg5 Qxh1+ 22. Kd2 Qxh2 23. Qf6 Ng6 24. Kc2 Qe5 25. Qf3 a6 26. Rh1 Nf4 27.
Bf1 Qf5+ 28. Kb3 axb5 29. Rh4 bxc4+ 30. Bxc4 Ng6 31. Qxf5 exf5 32. Rxh7 Ne5 33.
Bd5 d6 34. f4 Nc6 35. Bxf7+ Kd8 36. Bd5 Rb8 37. Kc4 b5+ 38. Kc3 b4+ 39. Kd3 Ba6+
40. Bc4 Bxc4+ 41. Kxc4 Na5+ 42. Kd5 Rb6 43. Ke6 Nc4 44. Kxf5 Nxb2 45. Ke4 b3 46.
f5 Na4 47. f6 b2 48. f7 b1=Q+ 0-1

[Event "AUTO-ADV-2500"]
[Site "http://www.queenalice.com/game.php?id=1091802"]
[Date "2012.8.9"]
[Round "2"]
[White "Constante"]
[Black "cevil"]
[Result "1-0"]
[WhiteElo "2097"]
[BlackElo "2039"]

1. e4 e5 2. Nf3 Nc6 3. Bb5 d6 4. d4 Bd7 5. Nc3 Be7 6. d5 Nb8 7. Qe2 c6 8. Bc4
Nf6 9. Bg5 b5 10. Bb3 a5 11. a3 Bg4 12. Qe3 Bxf3 13. Qxf3 a4 14. Ba2 Qb6 15. Be3
c5 16. O-O b4 17. Ne2 Qb5 18. Bb1 Nxe4 19. Qxe4 Qxe2 20. axb4 Qb5 21. c3 cxb4
22. Bd3 Qb7 23. cxb4 Nd7 24. Ra3 Nf6 25. Qc4 O-O 26. Be4 Nxe4 27. Qxe4 f5 28.
Qd3 Qxb4 29. Qe2 Qe4 30. Qb5 Rf7 31. f3 Qh4 32. g3 Qh3 33. Bf2 Rff8 34. Qd7 Rfe8
35. Rxa4 Rad8 36. Qb5 f4 37. Ra3 fxg3 38. Bxg3 Rb8 39. Qe2 Rb7 40. f4 Bf6 41.
fxe5 dxe5 42. d6 e4 43. Be5 Bxe5 44. Rxh3 1-0

[Event "AUTO-ADV-2500"]
[Site "http://www.queenalice.com/game.php?id=1091803"]
[Date "2012.8.9"]
[Round "2"]
[White "cevil"]
[Black "massimo"]
[Result "1-0"]
[WhiteElo "1981"]
[BlackElo "1924"]

1. d4 d5 2. c4 e6 3. Nc3 Nf6 4. Bg5 Be7 5. e3 Nc6 6. c5 b6 7. b4 Nxb4 8. Qa4+
Bd7 9. Qxb4 Rb8 10. Rb1 a5 11. Qb2 Rb7 12. Bxf6 Bxf6 13. Nf3 O-O 14. Bd3 Bc6 15.
cxb6 Rxb6 16. Qc2 g6 17. Rxb6 cxb6 18. O-O Qd6 19. Rb1 e5 20. dxe5 Bxe5 21. Nxe5
Qxe5 22. Rxb6 Rc8 23. h3 d4 24. Ne2 Qd5 25. Nf4 Qd7 26. Qb2 Re8 27. Qxd4 Qc7 28.
Rb1 Rd8 29. Qc4 Qd6 30. Rb6 Rc8 31. Be4 Qd1+ 32. Kh2 Bd7 33. Qd3 Qa4 34. Nd5 Re8
35. Nf6+ Kg7 36. Nxe8+ Bxe8 37. Qd4+ Qxd4 38. exd4 a4 39. Bc2 f5 40. Ra6 h5 41.
Bxa4 1-0

[Event "AUTO-ADV-2500"]
[Site "http://www.queenalice.com/game.php?id=1091804"]
[Date "2012.8.9"]
[Round "2"]
[White "massimo"]
[Black "cevil"]
[Result "1-0"]
[WhiteElo "1912"]
[BlackElo "1987"]

1. e4 e5 2. Nf3 Nc6 3. Bb5 Bc5 4. Bxc6 dxc6 5. d3 Be6 6. O-O f6 7. Bd2 Ne7 8. b4
Bb6 9. a4 a6 10. Bc3 O-O 11. Nbd2 Bg4 12. Nc4 Ba7 13. h3 Be6 14. Ne3 Ng6 15. d4
exd4 16. Nxd4 Bf7 17. Nef5 Ne7 18. Qg4 Bg6 19. Ne6 Qc8 20. Nxf8 Nxf5 21. Nxg6
hxg6 22. exf5 g5 23. h4 gxh4 24. Bxf6 Qf8 25. Bxh4 Qf7 26. Rae1 Re8 27. Bf6 Rxe1
28. Rxe1 Qxf6 29. Re8+ Kh7 30. Re6 Bxf2+ 31. Kxf2 Qf8 32. Qh5+ Kg8 33. Re8 1-0

[Event "Torneio CXI"]
[Site "http://www.queenalice.com/game.php?id=1093115"]
[Date "2012.8.14"]
[Round "3"]
[White "cevil"]
[Black "philler"]
[Result "1-0"]
[WhiteElo "2014"]
[BlackElo "2086"]

1. e4 c5 2. Nf3 d6 3. d4 cxd4 4. Nxd4 Nf6 5. Bd3 Nc6 6. Be3 Ne5 7. Nc3 Nxd3+ 8.
cxd3 a6 9. O-O e5 10. Nf3 Be7 11. d4 Ng4 12. dxe5 dxe5 13. Qxd8+ Bxd8 14. Bc5 f6
15. Rad1 b6 16. h3 Nh6 17. Ba3 a5 18. Rd2 Ba6 19. Rfd1 b5 20. Bc5 Ng8 21. Rd7
Be7 22. Bxe7 Nxe7 23. Rc7 b4 24. Na4 Rd8 25. Rxd8+ Kxd8 26. Ra7 Bb5 27. Rxa5 Bc4
28. Nc5 Rg8 29. Nd2 Be2 30. Ra4 Ke8 31. Rxb4 Kf7 32. f3 Ra8 33. Kf2 Ba6 34. Nxa6
Rxa6 35. a4 Nc6 36. Rb7+ Kg6 37. b3 Nd4 38. g4 h6 39. Nc4 Ne6 40. a5 Kg5 41. Rb6
Rxb6 42. Nxb6 Kh4 43. b4 Kxh3 44. a6 g6 45. Nd5 1-0

[Event "Torneio CXI 3"]
[Site "http://www.queenalice.com/game.php?id=1098544"]
[Date "2012.9.1"]
[Round "1"]
[White "MacumbaH"]
[Black "cevil"]
[Result "0-1"]
[WhiteElo "1799"]
[BlackElo "2006"]

1. f4 d5 2. Nf3 Nc6 3. e3 e5 4. fxe5 Bg4 5. Bb5 Qd7 6. O-O a6 7. Ba4 b5 8. Bb3
Bb4 9. a3 Ba5 10. d4 Nge7 11. Qd3 O-O 12. Nbd2 Ng6 13. e4 dxe4 14. Nxe4 Bxf3 15.
Rxf3 Qxd4+ 16. Nf2 Qxd3 17. Rxd3 Ncxe5 18. Rd4 Bb6 19. Re4 Bxf2+ 20. Kxf2 c5 21.
Be3 c4 22. Ba2 Rad8 23. Re1 f5 24. Rxe5 Nxe5 25. Bc5 Rfe8 26. Re2 Ng4+ 0-1

[Event "wesleyCXI"]
[Site "http://www.queenalice.com/game.php?id=1104717"]
[Date "2012.9.20"]
[Round "2"]
[White "cevil"]
[Black "DenianCXI"]
[Result "1/2-1/2"]
[WhiteElo "2043"]
[BlackElo "1883"]

1. e4 d5 2. exd5 Nf6 3. d4 Nxd5 4. Bc4 Nb6 5. Bb3 g6 6. Be3 Bg7 7. Ne2 O-O 8. c3
Nc6 9. Nd2 e5 10. dxe5 Nxe5 11. O-O Re8 12. Ng3 Be6 13. Bxb6 axb6 14. Bxe6 Rxe6
15. a3 Qd7 16. Nde4 Qxd1 17. Rfxd1 Rae8 18. h3 Nc4 19. Rd7 R6e7 20. Rxe7 Rxe7
21. Rb1 h6 22. f3 Rd7 23. a4 f5 24. Nf2 Rd2 25. b3 Rb2 26. Rxb2 Nxb2 27. Ne2 Bf6
28. c4 Be7 29. Kf1 Bc5 30. Nc1 Kf7 31. Ke2 Ke6 32. Nfd3 Nxd3 33. Nxd3 Kf6 34.
Nf4 Bd6 35. Nd5+ Ke5 36. Kd3 f4 37. Nc3 1/2-1/2

[Event "Torneio CXI"]
[Site "http://www.queenalice.com/game.php?id=1106177"]
[Date "2012.9.25"]
[Round "4"]
[White "DenianCXI"]
[Black "cevil"]
[Result "0-1"]
[WhiteElo "1893"]
[BlackElo "2033"]

1. d4 d5 2. Nf3 Nf6 3. c4 Bg4 4. e3 e6 5. Be2 c5 6. Nc3 dxc4 7. Bxc4 cxd4 8.
Qxd4 Bxf3 9. Qxd8+ Kxd8 10. gxf3 Bb4 11. Bd2 Nc6 12. O-O-O Ke7 13. Ne2 Rac8 14.
Kb1 Bxd2 15. Rxd2 Ne5 16. Bb3 Nxf3 17. Rc2 Ne4 18. Ng3 Ned2+ 19. Kc1 Nxb3+ 0-1

[Event "Torneio CXI 3"]
[Site "http://www.queenalice.com/game.php?id=1107215"]
[Date "2012.9.28"]
[Round "2"]
[White "cevil"]
[Black "DenianCXI"]
[Result "1/2-1/2"]
[WhiteElo "2037"]
[BlackElo "1914"]

1. e4 c5 2. Bc4 d6 3. c3 Nf6 4. d3 g6 5. Be3 Bg7 6. Nf3 Bg4 7. Qb3 O-O 8. Qxb7
Nbd7 9. Qb3 Bxf3 10. gxf3 Ne5 11. Nd2 Rb8 12. Qc2 Qb6 13. b4 Nfd7 14. a4 Qc7 15.
b5 Qa5 16. Ra3 a6 17. bxa6 Nxc4 18. Nxc4 Qxa6 19. a5 Rb5 20. Ke2 Ra8 21. Rb1 Ne5
22. Rxb5 Qxb5 23. Nxe5 Bxe5 24. c4 Qb4 25. Ra4 Qb7 26. f4 Bg7 27. Ra2 Ra6 28.
Qa4 Qa8 29. Qb5 Bc3 30. Bd2 Bxd2 31. Kxd2 Kg7 32. Kc3 h5 33. h4 Kh7 34. f3 Kg7
1/2-1/2

[Event "Sam x Celito"]
[Site "http://www.queenalice.com/game.php?id=1108565"]
[Date "2012.10.2"]
[Round "-"]
[White "TexugoSam"]
[Black "cevil"]
[Result "1-0"]
[WhiteElo "1870"]
[BlackElo "2005"]

1. d4 d5 2. c4 Bf5 3. Nc3 Nf6 4. Bg5 dxc4 5. Bxf6 exf6 6. e4 Bg6 7. Bxc4 Bb4 8.
Qa4+ Nc6 9. d5 Bxc3+ 10. bxc3 Bxe4 11. dxc6 Bxc6 12. Bb5 Qd5 13. Bxc6+ bxc6 14.
Nf3 Qe6+ 15. Kf1 O-O 16. Nd4 Qe4 17. Qxc6 Qd3+ 18. Kg1 Rab8 19. h3 Rb1+ 20. Kh2
Rxh1+ 21. Rxh1 g6 22. Qxc7 Qa6 23. Nc6 Qxa2 24. Qxa7 Qc4 25. Ne7+ Kg7 26. Qd4
Qc7+ 27. g3 Qxe7 28. Rc1 Rd8 29. Qb4 Qe2 30. Qf4 Rd2 31. Kg2 Rc2 32. Rxc2 Qxc2
33. Qd4 h5 34. c4 g5 35. c5 Kg6 36. Qd5 f5 37. c6 g4 38. hxg4 hxg4 39. Qd6+ Kg5
40. Qf4+ Kg6 41. c7 Qc6+ 42. Kf1 Qh1+ 43. Ke2 Qc6 44. Kd3 Qd5+ 45. Kc3 Qa5+ 46.
Kc4 Qa6+ 47. Kc5 Qa5+ 48. Kc6 Qa6+ 49. Kd7 Qe6+ 50. Kd8 Qf6+ 51. Kc8 Qe6+ 52.
Kb7 Qd5+ 53. Kb6 Qe6+ 54. Kc5 Qc8 55. Qd6+ f6 56. Qd8 1-0

[Event "Celito x Sam"]
[Site "http://www.queenalice.com/game.php?id=1108566"]
[Date "2012.10.2"]
[Round "-"]
[White "cevil"]
[Black "TexugoSam"]
[Result "0-1"]
[WhiteElo "2025"]
[BlackElo "1831"]

1. e4 e6 2. d4 d5 3. Nc3 c5 4. exd5 exd5 5. dxc5 d4 6. Ne4 Bxc5 7. Qe2 Bb6 8.
Nd6+ Kf8 9. Nxc8 Qxc8 10. Bd2 Nf6 11. Bb4+ Bc5 12. Qc4 b6 13. O-O-O Nbd7 14. Nf3
Ne4 15. Bd3 Nxf2 16. Rhf1 Nxd1 17. Ng5 Ne5 18. Rxf7+ Ke8 19. Qd5 Nxd3+ 20. cxd3
Bxb4+ 21. Kxd1 Qg4+ 22. Kc2 Rc8+ 23. Kb3 Qd1+ 24. Kxb4 Qd2+ 25. Ka3 Qa5+ 26.
Qxa5 bxa5 27. Rxa7 h6 28. Ne6 g5 29. Nxd4 Rf8 30. Rh7 Rd8 31. Nc6 Rxd3+ 32. b3
Rf6 33. Rh8+ Rf8 34. Rxh6 Rd2 35. Nxa5 Rxg2 36. b4 Rff2 37. h4 Rxa2+ 38. Kb3
Rab2+ 39. Kc4 Rg4+ 40. Kc3 Rbxb4 41. hxg5 Rb5 42. Nc6 Rc5+ 43. Kd3 Rgxg5 44. Nd4
Rg3+ 45. Ke4 Rg4+ 46. Ke3 Re5+ 0-1

[Event "Challenge"]
[Site "http://www.queenalice.com/game.php?id=1117111"]
[Date "2012.10.29"]
[Round "-"]
[White "robsoncxi"]
[Black "cevil"]
[Result "0-1"]
[WhiteElo "1807"]
[BlackElo "2032"]

1. b3 e5 2. Bb2 Nc6 3. c4 Bb4 4. f4 d6 5. e3 Nge7 6. Nf3 e4 7. Nh4 Nf5 8. Nxf5
Bxf5 9. Bxg7 Rg8 10. Bb2 Qh4+ 11. g3 Rxg3 0-1

[Event "wesleyCXI"]
[Site "http://www.queenalice.com/game.php?id=1117835"]
[Date "2012.10.31"]
[Round "3"]
[White "TexugoSam"]
[Black "cevil"]
[Result "1-0"]
[WhiteElo "1903"]
[BlackElo "1976"]

1. d4 d5 2. c4 Bf5 3. Nc3 Nf6 4. cxd5 Nxd5 5. Nf3 e6 6. a3 Bd6 7. g3 Nc6 8. Bg2
a6 9. O-O O-O 10. Nxd5 exd5 11. Re1 Qd7 12. Qb3 Be4 13. e3 b5 14. Bd2 Na5 15.
Bxa5 Qf5 16. Nh4 Qe6 17. Bxe4 Qxe4 18. f3 Qe6 19. e4 Qh3 20. e5 Be7 21. Ng2 c6
22. Nf4 Qd7 23. Qe3 Rac8 24. e6 Qe8 25. exf7+ Rxf7 26. Bb4 Rc7 27. Bxe7 Rcxe7
28. Qd2 Qc8 29. Rxe7 Rxe7 30. Re1 Rf7 31. Qe3 g5 32. Qe8+ Qxe8 33. Rxe8+ Kg7 34.
Nh5+ Kg6 35. g4 Rxf3 36. Rg8+ Kf7 37. Rxg5 Rd3 38. Rg7+ Ke8 39. Rxh7 Rxd4 40.
Rc7 Rxg4+ 41. Kf2 Rc4 42. Kg3 c5 43. Nf6+ Kd8 44. Rd7+ Kc8 45. Rxd5 Rc2 46. h4
c4 47. h5 Rxb2 48. h6 Rb3+ 49. Kg4 Rb1 50. h7 Rg1+ 51. Kf3 Rh1 52. Nh5 1-0

[Event "Challenge"]
[Site "http://www.queenalice.com/game.php?id=1118236"]
[Date "2012.11.2"]
[Round "-"]
[White "cevil"]
[Black "robsoncxi"]
[Result "1-0"]
[WhiteElo "1990"]
[BlackElo "1958"]

1. e4 e5 2. Nf3 Nc6 3. Bc4 Bc5 4. c3 Nf6 5. d3 d6 6. Be3 Bb6 7. Nbd2 Be6 8. Bxe6
fxe6 9. Qb3 d5 10. exd5 exd5 11. O-O-O Qd6 12. Bxb6 axb6 13. d4 exd4 14. Rhe1+
Kd8 15. cxd4 Qb4 16. a3 Qxb3 17. Nxb3 Ne4 18. Re2 Rf8 19. Nbd2 Nxd2 20. Rdxd2
Ra4 21. Ng5 Rf5 22. Ne6+ Kd7 23. Nxg7 Rc4+ 24. Kd1 Rg5 25. Ne8 Rxg2 26. Nf6+ Kd6
27. Nxh7 Rxh2 28. Ng5 Nxd4 29. Re1 Rg2 30. Nf7+ Kc5 31. Ne5 Nf3 32. Nxf3 1-0

[Event "Volkmann X Celito"]
[Site "http://www.queenalice.com/game.php?id=1122420"]
[Date "2012.11.15"]
[Round "-"]
[White "GuilhermeCXI"]
[Black "cevil"]
[Result "0-1"]
[WhiteElo "1864"]
[BlackElo "1984"]

1. d4 d5 2. Nf3 Bf5 3. c4 Nc6 4. Nc3 e6 5. Bf4 Bb4 6. e3 Nf6 7. Qb3 Bxc3+ 8.
bxc3 b6 9. cxd5 Nxd5 10. Bg3 O-O 11. c4 Na5 12. Qb2 Nf6 13. Qc3 Ne4 14. Qb4 c5
15. dxc5 Nxc5 16. Rd1 Qe7 17. Bd6 Qf6 18. Bxf8 Rxf8 19. Be2 h6 20. Nd4 Rd8 21.
O-O Be4 22. f3 Bb7 23. Nb3 Naxb3 24. axb3 Rxd1 25. Rxd1 Qb2 26. Rd8+ Kh7 27. Bd1
e5 28. Qd2 Qa1 29. Qe1 e4 30. fxe4 Bxe4 31. Qh4 f5 32. Rd6 Qc1 33. Qf2 Nd3 34.
Qe2 Ne5 35. Qd2 Qb1 36. Re6 Nd3 37. Rd6 Nc1 38. Qe1 Nxb3 39. Qc3 Nc5 40. Qd2 Nd3
41. Rd7 a5 42. Qc2 Qb4 43. Qb3 Qe1# 0-1

[Event "Torneio CXI 3"]
[Site "http://www.queenalice.com/game.php?id=1124603"]
[Date "2012.11.21"]
[Round "3"]
[White "robsoncxi"]
[Black "cevil"]
[Result "1-0"]
[WhiteElo "1915"]
[BlackElo "1995"]

1. d4 d5 2. c4 e5 3. cxd5 Qxd5 4. dxe5 Qxe5 5. Nf3 Bb4+ 6. Nbd2 Qd6 7. a3 Ba5 8.
b4 Bb6 9. Bb2 Nf6 10. e3 Bg4 11. Be2 Nc6 12. Nc4 Qxd1+ 13. Rxd1 Ke7 14. Nfe5
Bxe2 15. Kxe2 Nxe5 16. Bxe5 Rac8 17. Bxf6+ Kxf6 18. Rd7 c5 19. bxc5 Rxc5 20.
Nxb6 axb6 21. Rxb7 Ra8 22. Rxb6+ Ke5 23. Rb3 g5 24. f4+ gxf4 25. exf4+ Kxf4 26.
Rf1+ Kg5 27. Rxf7 Kg6 28. Rff3 Rc2+ 29. Kf1 Rc1+ 30. Kf2 h5 31. Rbc3 Rd1 32.
Rfd3 Rb1 33. Rd6+ Kf5 34. h3 Ke5 35. Rh6 Kd4 36. Rf3 Rg8 37. Rd6+ Ke5 38. Rd2
Rb5 39. Re2+ Kd4 40. Rf4+ Kd3 41. g4 hxg4 42. hxg4 Rbg5 43. Ree4 R8g7 44. Kg3
Rg8 45. Rb4 1-0